[Event "DVM U14w 2012"]
[Site "Magdeburg GER"]
[Date "2012.12.29"]
[Round "6"]
[White "Manusina, Nicole"]
[Black "Klinge, Sabina"]
[Result "1/2-1/2"]
[Termination "normal"]
[Board "1.1"]
[WhiteElo "1772"]
[BlackElo "1619"]
[WhiteTeam "SG Oesede-Georgsmarienhütte"]
[BlackTeam "TuRa Harksheide"]
[WhiteFideId "24657514"]
[BlackFideId "12949590"]
[EventCountry "GER"]
[EventRounds "7"]
[EventType "team-swiss"]
[EventDate "2012.12.26"]

1. d4 Nf6 2. c4 e6 3. Nc3 d5 4. cxd5 exd5 5. Bg5 Nbd7 6. e3 c6 7. Bd3 Be7 8.
Nf3 O-O 9. O-O Re8 10. Qc2 h6 11. Bf4 Nf8 12. Rab1 Bg4 13. Ne5 Bd6 14. h3 Be6
15. b4 a6 16. a4 Rc8 17. Rfc1 Qe7 18. Qb3 Ne4 19. Nxe4 dxe4 20. Bc4 Red8 21.
Bh2 h5 22. Bxe6 Nxe6 23. Nc4 Bxh2+ 24. Kxh2 Nc7 25. Kg1 Nd5 26. Na5 Rd7 27. b5
axb5 28. axb5 c5 29. dxc5 Rxc5 30. Rxc5 Qxc5 31. Qc4 Qxc4 32. Nxc4 Nc3 33. Rb3
Na4 34. Rb4 1/2-1/2

[Event "DVM U14w 2012"]
[Site "Magdeburg GER"]
[Date "2012.12.29"]
[Round "6"]
[White "Köhler, Inken"]
[Black "Böhm, Jana"]
[Result "0-1"]
[Termination "normal"]
[Board "1.2"]
[WhiteElo "1482"]
[BlackElo "1701"]
[WhiteTeam "TuRa Harksheide"]
[BlackTeam "SG Oesede-Georgsmarienhütte"]
[WhiteFideId "12929301"]
[BlackFideId "24661589"]
[EventCountry "GER"]
[EventRounds "7"]
[EventType "team-swiss"]
[EventDate "2012.12.26"]

1. e4 e6 2. d4 d5 3. exd5 exd5 4. Bd3 Bd6 5. Ne2 c6 6. Bf4 Nf6 7. c3 Bg4 8. f3
Bh5 9. O-O O-O 10. Re1 Re8 11. Nd2 Rxe2 12. Qxe2 Bxf4 13. Nf1 Nbd7 14. Ng3 Bxg3
15. hxg3 Bg6 16. Bxg6 hxg6 17. Rad1 Qc7 18. Qf2 b6 19. Re2 Nf8 20. Rde1 Ne6 21.
b3 c5 22. dxc5 bxc5 23. b4 cxb4 24. cxb4 Qb6 25. Qxb6 axb6 26. Rc1 d4 27. Rd2
Nd5 28. Rb1 Nc3 29. Rbb2 Kf8 30. Kf2 Ra4 31. Rdc2 Nd1+ 32. Ke2 Nxb2 33. Rxb2
Ke7 34. Kd3 b5 35. Ke4 Kd6 36. g4 Ra3 37. Re2 Re3+ 38. Rxe3 dxe3 39. Kxe3 Kd5
40. Kd3 Nf4+ 41. Kc3 Nxg2 42. Kd3 Ne1+ 43. Ke3 Nc2+ 44. Kd3 Nxb4+ 45. Kc3 Nxa2+
46. Kb3 Nc1+ 47. Kb4 Kc6 48. Kc3 Kc5 49. Kd2 Nb3+ 50. Kc3 Nd4 0-1

[Event "DVM U14w 2012"]
[Site "Magdeburg GER"]
[Date "2012.12.29"]
[Round "6"]
[White "Hinzke, Anna-Lena"]
[Black "Schramm, Anna-Lena"]
[Result "1-0"]
[Termination "normal"]
[Board "1.3"]
[WhiteElo "1458"]
[BlackElo "1437"]
[WhiteTeam "SG Oesede-Georgsmarienhütte"]
[BlackTeam "TuRa Harksheide"]
[WhiteFideId "12928704"]
[BlackFideId "12918237"]
[EventCountry "GER"]
[EventRounds "7"]
[EventType "team-swiss"]
[EventDate "2012.12.26"]

1. e4 e5 2. Nf3 Nc6 3. Bb5 Bc5 4. c3 Nf6 5. d3 O-O 6. Bxc6 dxc6 7. Nxe5 Qd6 8.
Bf4 Ng4 9. d4 Nxe5 10. Bxe5 Qe7 11. O-O Rd8 12. Qf3 Bb6 13. Bf4 Re8 14. Nd2 Qf6
15. Qg3 Re6 16. Bxc7 Bxc7 17. Qxc7 Re8 18. Qg3 Qh6 19. Rad1 Re6 20. Qc7 Re8 21.
Rfe1 Qg6 22. Qg3 Qh6 23. Nf3 Qe6 24. b3 Bd7 25. e5 Qf5 26. Rd2 Re6 27. Nh4 Qh5
28. Kf1 Rae8 29. Re4 f6 30. exf6 Rxf6 31. Rxe8+ Qxe8 32. Re2 Be6 33. Nf3 Qd7
34. Ne5 Qe7 35. Ng4 Rg6 36. Qb8+ Kf7 37. Ne5+ 1-0

[Event "DVM U14w 2012"]
[Site "Magdeburg GER"]
[Date "2012.12.29"]
[Round "6"]
[White "Giede, Anna-Blume"]
[Black "Wang, Yanru"]
[Result "0-1"]
[Termination "normal"]
[Board "1.4"]
[WhiteElo "1445"]
[BlackElo "1413"]
[WhiteTeam "TuRa Harksheide"]
[BlackTeam "SG Oesede-Georgsmarienhütte"]
[WhiteFideId "12921980"]
[BlackFideId "12929328"]
[EventCountry "GER"]
[EventRounds "7"]
[EventType "team-swiss"]
[EventDate "2012.12.26"]

1. c4 e5 2. Nc3 Nf6 3. e4 Bb4 4. d3 h6 5. g3 O-O 6. Bg2 d6 7. h3 Nc6 8. Nge2
Bd7 9. O-O Qc8 10. Kh2 Nd4 11. Nxd4 exd4 12. Ne2 c5 13. f4 Bc6 14. f5 Re8 15.
Bf4 Qd7 16. Rb1 Ba5 17. a3 Red8 18. Bf3 a6 19. Ra1 Bc7 20. a4 b6 21. b3 Rab8
22. Qc2 Rb7 23. Rfb1 a5 24. Bg2 Rbb8 25. Bf3 Kh7 26. Rf1 g6 27. fxg6+ fxg6 28.
g4 g5 29. Bg3 Rf8 30. Rf2 Rf7 31. Raf1 Rbf8 32. Bg2 Kg6 33. Ng1 Ba8 34. Qe2 Qe7
35. Qe1 Qe8 36. Ne2 Bc6 37. Qd1 Bb8 38. Nc1 d5 39. Bxb8 Qxb8+ 40. Kh1 dxe4 41.
dxe4 Nxe4 42. Rxf7 Rxf7 43. Rxf7 Kxf7 44. Kg1 Qg3 45. Qf1+ Qf4 46. Qe1 Qe3+ 47.
Qxe3 dxe3 48. Ne2 Ke6 49. Bh1 Ke5 50. Bg2 Be8 51. Bh1 Bg6 1/2-1/2

[Event "DVM U14w 2012"]
[Site "Magdeburg GER"]
[Date "2012.12.29"]
[Round "6"]
[White "Wiesner, Paula"]
[Black "Moses, Selina"]
[Result "1-0"]
[Termination "normal"]
[Board "2.1"]
[WhiteElo "1817"]
[BlackElo "1724"]
[WhiteTeam "Karlsruher SF 1853"]
[BlackTeam "Muldental Wilkau-Haßlau"]
[WhiteFideId "24654019"]
[BlackFideId "12908070"]
[EventCountry "GER"]
[EventRounds "7"]
[EventType "team-swiss"]
[EventDate "2012.12.26"]

1. e4 c5 2. c3 d5 3. exd5 Qxd5 4. d4 Nf6 5. Nf3 Bg4 6. Be2 e6 7. O-O Nc6 8. h3
Bh5 9. Be3 cxd4 10. cxd4 Bb4 11. Nc3 Qd6 12. a3 Ba5 13. Nb5 Qb8 14. Ne5 Bxe2
15. Qxe2 Nd5 16. Nxc6 bxc6 17. Nc3 O-O 18. Nxd5 cxd5 19. b4 Bd8 20. b5 Bf6 21.
Rfc1 Rc8 22. Rxc8+ Qxc8 23. Rc1 Qb7 24. a4 Rc8 25. Rc5 Be7 26. Rc2 h6 27. Qd1
Bd6 28. Qc1 Rxc2 29. Qxc2 Qc7 30. Qxc7 Bxc7 31. Bd2 Bb6 32. Bc3 f6 33. a5 Bc7
34. Bb4 Kf7 35. Bc5 Bb8 36. a6 e5 37. b6 axb6 38. Bxb6 exd4 39. Bxd4 Ke6 40. a7
Bxa7 41. Bxa7 Ke5 42. Kf1 f5 43. Ke2 g5 44. Kd3 g4 45. Bb8+ Ke6 46. h4 Kf6 47.
g3 Kf7 48. Kd4 Ke6 49. Bf4 h5 50. Bb8 1-0

[Event "DVM U14w 2012"]
[Site "Magdeburg GER"]
[Date "2012.12.29"]
[Round "6"]
[White "Bykov, Ilona"]
[Black "Fromm, Katja"]
[Result "0-1"]
[Termination "normal"]
[Board "2.3"]
[WhiteElo "1126"]
[BlackElo "1577"]
[WhiteTeam "Karlsruher SF 1853"]
[BlackTeam "Muldental Wilkau-Haßlau"]
[WhiteFideId "12964433"]
[BlackFideId "12929409"]
[EventCountry "GER"]
[EventRounds "7"]
[EventType "team-swiss"]
[EventDate "2012.12.26"]

1. e4 c6 2. d4 d5 3. Nc3 dxe4 4. Nxe4 Bf5 5. Ng3 Bg6 6. N1e2 e6 7. Nf4 Nf6 8.
Bc4 Bd6 9. O-O O-O 10. Nxg6 hxg6 11. Be3 Qc7 12. Qf3 Nd5 13. Bg5 Nd7 14. Bd3
Rab8 15. c4 N5f6 16. c5 Bxg3 17. fxg3 Nd5 18. Rf2 N7f6 19. Raf1 Rbd8 20. Bf4
Nxf4 21. Qxf4 Qxf4 22. Rxf4 Rd7 23. Bc4 Rfd8 24. Rd1 g5 25. Rf2 Ne4 26. Re2
Nxc5 27. Re5 b6 28. Rxg5 Rxd4 29. Rxd4 Rxd4 30. Ba6 Nxa6 31. Re5 Nc5 32. Re2
Ne4 33. g4 Rd1+ 34. Re1 Rxe1# 0-1

[Event "DVM U14w 2012"]
[Site "Magdeburg GER"]
[Date "2012.12.29"]
[Round "6"]
[White "Böhle, Annika"]
[Black "Henke, Hanna"]
[Result "0-1"]
[Termination "normal"]
[Board "2.4"]
[WhiteElo "1115"]
[BlackElo "891"]
[WhiteTeam "Muldental Wilkau-Haßlau"]
[BlackTeam "Karlsruher SF 1853"]
[WhiteFideId "12929417"]
[BlackFideId "12964441"]
[EventCountry "GER"]
[EventRounds "7"]
[EventType "team-swiss"]
[EventDate "2012.12.26"]

1. e4 e5 2. Nf3 Nc6 3. Bc4 Bc5 4. d3 Nf6 5. Nc3 d6 6. Bg5 Be6 7. Bb3 Qd7 8. O-O
O-O-O 9. Ba4 Bg4 10. Nd5 Qe6 11. Bxc6 bxc6 12. Ne3 Bxe3 13. Bxe3 h6 14. c4 Kd7
15. Kh1 Ke7 16. h3 Bh5 17. g4 Bg6 18. Qa4 Kd7 19. Nd2 h5 20. f3 hxg4 21. fxg4
Rxh3+ 22. Kg2 Qxg4+ 23. Kf2 Rh2+ 24. Ke1 Qe2# 0-1

[Event "DVM U14w 2012"]
[Site "Magdeburg GER"]
[Date "2012.12.29"]
[Round "6"]
[White "Hund, Sarah"]
[Black "Nobis, Anna"]
[Result "0-1"]
[Termination "normal"]
[Board "3.1"]
[WhiteElo "1859"]
[BlackElo "1708"]
[WhiteTeam "SK Freiburg Zähringen 1887"]
[BlackTeam "Chemnitzer SC Aufbau"]
[WhiteFideId "12923338"]
[BlackFideId "1270302"]
[EventCountry "GER"]
[EventRounds "7"]
[EventType "team-swiss"]
[EventDate "2012.12.26"]

1. e4 c5 2. Nf3 Nc6 3. d4 cxd4 4. Nxd4 e5 5. Nb5 d6 6. Be3 Nf6 7. f3 a6 8. N5c3
Be6 9. Be2 Be7 10. O-O d5 11. exd5 Nxd5 12. Nxd5 Bxd5 13. Nc3 Be6 14. Qxd8+
Rxd8 15. Rad1 O-O 16. Bb6 Rc8 17. Bd3 f5 18. Rfe1 Bf6 19. Na4 Nb4 20. c3 Nxd3
21. Rxd3 Bxa2 22. Rd7 Rf7 23. Nc5 Rc6 24. Rxf7 Kxf7 25. Nd7 Be6 26. Nxf6 gxf6
27. Be3 Rd6 28. Re2 Rd1+ 29. Kf2 Bc4 30. Re1 Rd5 31. Ra1 f4 32. Bb6 Rd2+ 33.
Ke1 Rxb2 34. Ra4 Bb5 35. Ra1 Rxg2 36. Rd1 Rxh2 37. c4 Bc6 38. Rd6 Ke7 39. c5
Rh6 40. Bd8+ Kf7 41. Ke2 Rg6 42. Kf2 f5 43. Rxg6 hxg6 0-1

[Event "DVM U14w 2012"]
[Site "Magdeburg GER"]
[Date "2012.12.29"]
[Round "6"]
[White "Kempe, Anne"]
[Black "Lohrmann, Tabea"]
[Result "1/2-1/2"]
[Termination "normal"]
[Board "3.2"]
[WhiteElo "1713"]
[BlackElo "1461"]
[WhiteTeam "Chemnitzer SC Aufbau"]
[BlackTeam "SK Freiburg Zähringen 1887"]
[WhiteFideId "12918083"]
[BlackFideId "12911941"]
[EventCountry "GER"]
[EventRounds "7"]
[EventType "team-swiss"]
[EventDate "2012.12.26"]

1. e4 e5 2. Bc4 Nf6 3. d3 Bc5 4. Nf3 Nc6 5. c3 d6 6. Bb3 a6 7. O-O O-O 8. Nbd2
Bg4 9. h3 Be6 10. Bc2 Qd7 11. Re1 Rfe8 12. Nf1 Rad8 13. Bg5 Qe7 14. Ng3 h6 15.
Be3 Bxe3 16. fxe3 d5 17. d4 exd4 18. exd4 dxe4 19. Nxe4 Nxe4 20. Bxe4 Qd6 21.
Qc2 Bd5 22. Bxd5 Qxd5 23. a3 Re7 24. Rxe7 Nxe7 25. Re1 Ng6 26. Qf2 Nf4 27. Ne5
g5 28. Rf1 Re8 29. Kh2 f6 30. Ng4 Kg7 31. Qf3 Qxf3 32. Rxf3 Re2 33. Rf2 Rxf2
34. Nxf2 h5 35. Kg3 Kg6 36. Kf3 f5 37. h4 Nd5 38. g3 g4+ 39. Kg2 f4 40. Ne4
Ne3+ 41. Kf2 Nd1+ 42. Ke2 fxg3 43. Nxg3 Nxb2 44. Ne4 Na4 45. Kd3 Kf5 46. Ng3+
Kg6 47. Ne4 Nb2+ 48. Ke2 Nc4 49. a4 b6 1/2-1/2

[Event "DVM U14w 2012"]
[Site "Magdeburg GER"]
[Date "2012.12.29"]
[Round "6"]
[White "Cejda, Cecilia"]
[Black "Lukin, Jana"]
[Result "1-0"]
[Termination "normal"]
[Board "3.3"]
[WhiteElo "1357"]
[BlackElo "1203"]
[WhiteTeam "SK Freiburg Zähringen 1887"]
[BlackTeam "Chemnitzer SC Aufbau"]
[WhiteFideId "12921122"]
[BlackFideId "12963968"]
[EventCountry "GER"]
[EventRounds "7"]
[EventType "team-swiss"]
[EventDate "2012.12.26"]

1. e4 c5 2. Nf3 d6 3. d4 cxd4 4. Nxd4 Nf6 5. Nc3 g6 6. Be3 Bg7 7. Bc4 O-O 8. f3
Nc6 9. Qd2 Nd7 10. Nxc6 bxc6 11. Bh6 c5 12. Bxg7 Kxg7 13. h4 Nf6 14. g4 h5 15.
gxh5 Nxh5 16. Rg1 Rh8 17. Nd5 a5 18. Nf4 Nxf4 19. Qxf4 Qf8 20. Qg5 e5 21. h5
Rxh5 22. Qxh5 Bd7 23. Qg5 a4 24. Rh1 Qe8 25. Qh6+ Kf6 26. O-O-O Qb8 27. Bd5 Ra7
28. Qh8+ Qxh8 29. Rxh8 Rc7 30. Rf8 Be6 31. Bxe6 Kxe6 32. Ra8 Rc6 33. Rxa4 f5
34. exf5+ gxf5 35. Re1 f4 36. Rxf4 Ra6 37. a3 Ra8 38. Rfe4 Kf5 39. Rh4 Rg8 40.
Rg4 Rh8 41. a4 Re8 42. a5 Ra8 43. Ra4 d5 44. a6 Ke6 45. f4 e4 46. Ra5 Kd6 47.
a7 Kc6 48. f5 Kb6 49. Ra3 Kb7 50. f6 Kc7 51. f7 c4 52. f8=Q Rxf8 53. a8=Q 1-0

[Event "DVM U14w 2012"]
[Site "Magdeburg GER"]
[Date "2012.12.29"]
[Round "6"]
[White "Dietrich, Michelle"]
[Black "Atabay, Hatun"]
[Result "0-1"]
[Termination "normal"]
[Board "3.4"]
[WhiteElo "1071"]
[BlackElo "1116"]
[WhiteTeam "Chemnitzer SC Aufbau"]
[BlackTeam "SK Freiburg Zähringen 1887"]
[BlackFideId "12929603"]
[EventCountry "GER"]
[EventRounds "7"]
[EventType "team-swiss"]
[EventDate "2012.12.26"]

1. e4 e5 2. Nf3 Nc6 3. Bc4 Bc5 4. d3 Nf6 5. O-O d6 6. c3 d5 7. exd5 Nxd5 8. Bb5
Bd7 9. Bxc6 Bxc6 10. Nxe5 O-O 11. Nd2 Qd6 12. d4 Bb6 13. Ne4 Qe6 14. Re1 Nf6
15. Ng3 Qd5 16. Nf3 h6 17. Re5 Qd7 18. Bf4 Qg4 19. Qd2 Bxf3 20. gxf3 Qxf3 21.
Bxh6 Ng4 22. Rf5 Qc6 23. Bxg7 Kxg7 24. Rg5+ Kh7 25. Rh5+ Nh6 26. Nf5 Rg8+ 27.
Kf1 Qg2+ 28. Ke1 Qg1+ 29. Ke2 Qg4+ 30. f3 Qxh5 31. Ne3 Qxh2+ 32. Kd3 Qxd2+ 33.
Kxd2 c6 34. Rh1 Rg6 35. Nf5 Bc7 36. Kd3 Re8 37. a4 Ree6 38. b4 Rgf6 39. Nh4 Bg3
40. Ng2 Rxf3+ 41. Kc4 a6 42. a5 b5+ 43. axb6 Kg6 44. Rd1 Nf5 45. Kb3 Ne3 46.
Nxe3 Rexe3 47. Kb2 Rxc3 48. Rd2 Rb3+ 49. Kc1 Bf4 50. Kd1 Bxd2 51. Kxd2 Rxb4 52.
Ke2 Ra3 53. Kd2 Rb2+ 54. Kc1 Rg2 55. Kb1 Rf3 56. d5 Rf1# 0-1

[Event "DVM U14w 2012"]
[Site "Magdeburg GER"]
[Date "2012.12.29"]
[Round "6"]
[White "Denkert, Anna"]
[Black "Kluge, Leyla"]
[Result "1-0"]
[Termination "normal"]
[Board "4.1"]
[WhiteElo "1655"]
[BlackElo "1436"]
[WhiteTeam "SV Empor Berlin"]
[BlackTeam "USG Chemnitz"]
[WhiteFideId "12938122"]
[BlackFideId "12918172"]
[EventCountry "GER"]
[EventRounds "7"]
[EventType "team-swiss"]
[EventDate "2012.12.26"]

1. e4 c5 2. Nc3 g6 3. f4 Bg7 4. Nf3 d6 5. h3 Nc6 6. Bb5 Bd7 7. O-O a6 8. Bxc6
Bxc6 9. d3 Nf6 10. g4 O-O 11. Qe1 Qc7 12. f5 b5 13. Qh4 Bb7 14. Bh6 e6 15. Bxg7
Kxg7 16. fxg6 fxg6 17. Ng5 Kg8 18. Nxe6 Qe7 19. Nxf8 Rxf8 20. Rf3 b4 21. Ne2 c4
22. Raf1 Kg7 23. g5 Nd7 24. Rxf8 Nxf8 25. Qf4 Ne6 26. Qf6+ Qxf6 27. Rxf6 Nxg5
28. Rxd6 Bc8 29. h4 Nf3+ 30. Kf2 Ne5 31. dxc4 Kf7 32. Rb6 a5 33. c5 Ke7 34. Nd4
Nc4 35. Rc6 Bd7 36. Rc7 Kd8 37. Ra7 Nxb2 38. c6 Bg4 39. c7+ Kd7 40. e5 Nc4 41.
e6+ Kc8 42. e7 Nd6 43. Nb5 1-0

[Event "DVM U14w 2012"]
[Site "Magdeburg GER"]
[Date "2012.12.29"]
[Round "6"]
[White "Graf, Pia"]
[Black "Du, Katharina"]
[Result "1/2-1/2"]
[Termination "normal"]
[Board "4.2"]
[WhiteElo "1475"]
[BlackElo "1544"]
[WhiteTeam "USG Chemnitz"]
[BlackTeam "SV Empor Berlin"]
[WhiteFideId "12917737"]
[BlackFideId "12945757"]
[EventCountry "GER"]
[EventRounds "7"]
[EventType "team-swiss"]
[EventDate "2012.12.26"]

1. e4 c5 2. c3 Nc6 3. d4 cxd4 4. cxd4 d6 5. Nf3 Nf6 6. Nc3 Bg4 7. Be2 g6 8. O-O
Bg7 9. Be3 O-O 10. h3 Bxf3 11. Bxf3 a6 12. Ne2 Rc8 13. Rc1 Qa5 14. Qb3 Qb4 15.
Rc3 Qxb3 16. Rxb3 Na5 17. Rc3 Rc4 18. e5 dxe5 19. dxe5 Nd7 20. Rxc4 Nxc4 21.
Bxb7 Ndxe5 22. Bxa6 Nxb2 23. Bb5 Rb8 24. a4 Nbc4 25. Bf4 Nd6 26. Rb1 Nec4 27.
Rb3 Ra8 28. Rb4 Nxb5 29. Rxb5 e5 30. Rb4 Na5 31. Bd2 f5 32. g3 e4 33. g4 Nc6
34. Rc4 Ne5 35. Rc3 Nf3+ 36. Rxf3 exf3 37. Nc3 Bxc3 38. Bxc3 fxg4 39. a5 Kf7
40. hxg4 Ke6 41. Kh2 Kd5 42. Kg3 Ke4 43. Bd2 Kd3 44. Bb4 Ke2 45. Bc3 Rc8 46.
Bd4 Ra8 47. Bb6 g5 48. Kh3 Kd3 49. Kg3 Ke4 50. Kh3 Rb8 51. Kg3 Rb7 52. Be3 h6
53. a6 Rb1 54. Kh2 Kd3 55. a7 Ra1 56. Kg3 1/2-1/2

[Event "DVM U14w 2012"]
[Site "Magdeburg GER"]
[Date "2012.12.29"]
[Round "6"]
[White "Berdin, Victoria"]
[Black "Wienhold, Nadine"]
[Result "1-0"]
[Termination "normal"]
[Board "4.3"]
[WhiteElo "1382"]
[BlackElo "1167"]
[WhiteTeam "SV Empor Berlin"]
[BlackTeam "USG Chemnitz"]
[BlackFideId "12964514"]
[EventCountry "GER"]
[EventRounds "7"]
[EventType "team-swiss"]
[EventDate "2012.12.26"]

1. e4 e5 2. Nf3 Nc6 3. Bc4 Bc5 4. d3 h6 5. Nc3 d6 6. Be3 Bb6 7. Qd2 Nf6 8.
O-O-O O-O 9. Rhg1 Be6 10. Nd5 Bxe3 11. Qxe3 Ng4 12. Qd2 a6 13. h3 b5 14. Bb3
Nf6 15. g4 g5 16. Rde1 a5 17. Ne3 Ne7 18. a4 c6 19. Nf5 Nxf5 20. gxf5 Bxb3 21.
cxb3 Re8 22. h4 Nh7 23. hxg5 hxg5 24. Nxg5 Nxg5 25. Rxg5+ Kf8 26. f4 Ke7 27.
fxe5 dxe5 28. Rd1 Kd7 29. Qe3 Kc7 30. axb5 Qd4 31. Qxd4 exd4 32. bxc6 Kxc6 33.
Rg2 Rab8 34. Rc2+ Kd6 35. Rc4 Rec8 36. Rxc8 Rxc8+ 37. Kb1 f6 38. Ka2 Rc2 39. b4
axb4 40. Kb3 Rg2 41. Rb1 Rd2 42. Kc4 Ke5 43. b3 Re2 44. Kxb4 Re3 45. Kc4 Rg3
46. b4 Rg8 47. b5 Kd6 48. Kxd4 Rb8 49. b6 Kc6 50. b7 Kd6 51. Rb6+ Kc7 52. Rxf6
Rxb7 53. Rf7+ Kc8 54. Rxb7 Kxb7 55. Kd5 Kc7 56. Ke6 Kd8 57. Kf7 Kc7 58. e5 Kc6
59. e6 Kd5 60. e7 Kd4 61. e8=Q Kc3 62. Kg7 Kc2 63. f6 Kc3 64. f7 Kd4 65. f8=Q
Kc3 66. d4 Kc4 67. d5 Kxd5 68. Qf1 Kd4 69. Qd1+ Kc5 70. Qc8+ Kb6 71. Qb1+ Ka7
72. Qbb7# 1-0

[Event "DVM U14w 2012"]
[Site "Magdeburg GER"]
[Date "2012.12.29"]
[Round "6"]
[White "Belusa, Laura Sophie"]
[Black "Alcer, Johanna"]
[Result "1/2-1/2"]
[Termination "normal"]
[Board "4.4"]
[WhiteElo "1023"]
[BlackElo "923"]
[WhiteTeam "USG Chemnitz"]
[BlackTeam "SV Empor Berlin"]
[WhiteFideId "12964522"]
[BlackFideId "12964450"]
[EventCountry "GER"]
[EventRounds "7"]
[EventType "team-swiss"]
[EventDate "2012.12.26"]

1. e4 e5 2. Nf3 Nc6 3. Bc4 Bc5 4. d3 h6 5. Be3 Bb6 6. Bxb6 axb6 7. Nc3 Nf6 8.
h3 O-O 9. Qd2 d6 10. O-O Be6 11. Bb3 d5 12. exd5 Nxd5 13. Nxd5 Bxd5 14. Bxd5
Qxd5 15. a3 Rfe8 16. Rfe1 f5 17. Kh1 Rad8 18. c4 Qc5 19. Qc2 e4 20. dxe4 fxe4
21. Rxe4 Rxe4 22. Qxe4 Qxf2 23. Qe6+ Kf8 24. Rf1 Qxf1+ 25. Kh2 Qf2 26. Qf5+ Kg8
27. Qe6+ Kh8 28. Qg4 Qxb2 29. Nh4 Ne5 30. Qg3 b5 31. Nf5 Rd7 32. cxb5 Qxb5 33.
a4 Qa5 34. h4 b5 35. Qxe5 Kh7 36. h5 Qa8 37. Qe6 Qd8 38. Qg6+ Kg8 39. Nxh6+ Kf8
40. Qf5+ Ke8 41. Qg6+ Ke7 42. Qxg7+ Ke6 43. Qg4+ Kd5 44. Qf5+ Kc6 45. Qxb5+ Kd6
46. Qd3+ Ke7 47. Qh7+ 1/2-1/2

[Event "DVM U14w 2012"]
[Site "Magdeburg GER"]
[Date "2012.12.29"]
[Round "6"]
[White "Reksten, Anne"]
[Black "Sewald, Kathrin"]
[Result "1-0"]
[Termination "normal"]
[Board "5.2"]
[WhiteElo "1660"]
[BlackElo "1335"]
[WhiteTeam "SG Solingen"]
[BlackTeam "SG Porz"]
[WhiteFideId "24692778"]
[BlackFideId "12964557"]
[EventCountry "GER"]
[EventRounds "7"]
[EventType "team-swiss"]
[EventDate "2012.12.26"]

1. c4 e5 2. Nc3 Nc6 3. g3 Bc5 4. Bg2 d6 5. e3 Nf6 6. Nge2 Bf5 7. d3 O-O 8. a3
a6 9. b4 Ba7 10. O-O Rb8 11. Bb2 Qe7 12. Rc1 Qe6 13. Nd5 Rfc8 14. Re1 Ne7 15.
d4 c6 16. dxe5 dxe5 17. Nxf6+ Qxf6 18. Qb3 Qe6 19. Qc3 f6 20. Red1 Bg6 21. Rd2
Qg4 22. h3 Qg5 23. a4 Nf5 24. c5 Bf7 25. Rcd1 Ne7 26. e4 Re8 27. a5 Rbc8 28.
Rd7 Rb8 29. Bf1 Qh6 30. Bc1 Qg6 31. f3 Be6 32. R7d6 Qf7 33. f4 Ng6 34. f5 Bb3
35. fxg6 hxg6 36. Rd7 Qc4 37. Qxc4+ Bxc4 38. Nc3 Be6 39. R7d3 Rbc8 40. Na4 Ba2
41. R1d2 Be6 42. Rc3 Rcd8 43. Bc4 Bxc4 44. Rxc4 Rxd2 45. Bxd2 Rd8 46. Be3 Rd1+
47. Kf2 Ra1 48. Nb2 Bb8 49. Rc2 Kf7 50. Rd2 Ke7 51. Nc4 Rb1 52. Nb6 Rxb4 53.
Rd7+ Ke6 54. Rxb7 Rb2+ 55. Kf3 1-0

[Event "DVM U14w 2012"]
[Site "Magdeburg GER"]
[Date "2012.12.29"]
[Round "6"]
[White "Schröter, Sophie"]
[Black "Kublanov, Carolin"]
[Result "0-1"]
[Termination "normal"]
[Board "5.3"]
[WhiteElo "1103"]
[BlackElo "1107"]
[WhiteTeam "SG Porz"]
[BlackTeam "SG Solingen"]
[WhiteFideId "12941786"]
[BlackFideId "12944548"]
[EventCountry "GER"]
[EventRounds "7"]
[EventType "team-swiss"]
[EventDate "2012.12.26"]

1. e4 e5 2. Nf3 Nc6 3. Nc3 Nf6 4. d4 exd4 5. Nxd4 Bb4 6. Bg5 O-O 7. Nxc6 dxc6
8. e5 Qxd1+ 9. Rxd1 Ng4 10. Rd4 Bxc3+ 11. bxc3 Nxe5 12. Bc4 Re8 13. O-O Bf5 14.
Bb3 b5 15. Re1 Nf3+ 16. gxf3 Rxe1+ 17. Kg2 h6 18. Be3 c5 19. Rd5 c4 20. Rxf5
cxb3 21. cxb3 c6 22. a4 a6 23. a5 Rd8 24. b4 Rd5 25. Rf4 Rg5+ 26. Kh3 Rh5+ 27.
Kg2 Rg5+ 28. Kh3 Reg1 29. Rh4 Rf5 30. f4 Kf8 31. Bc5+ Ke8 32. f3 g5 33. fxg5
Rxf3# 0-1

[Event "DVM U14w 2012"]
[Site "Magdeburg GER"]
[Date "2012.12.29"]
[Round "6"]
[White "Möller, Laura"]
[Black "Maier, Nicole"]
[Result "0-1"]
[Termination "normal"]
[Board "5.4"]
[WhiteElo "1017"]
[BlackElo "930"]
[WhiteTeam "SG Solingen"]
[BlackTeam "SG Porz"]
[WhiteFideId "12911720"]
[BlackFideId "12964573"]
[EventCountry "GER"]
[EventRounds "7"]
[EventType "team-swiss"]
[EventDate "2012.12.26"]

1. c4 e5 2. Nc3 Nc6 3. g3 Bc5 4. Bg2 d6 5. d3 Nf6 6. e3 Bf5 7. a3 a6 8. Nge2
O-O 9. O-O Re8 10. d4 Ba7 11. Bd2 exd4 12. exd4 Bxd4 13. Nxd4 Nxd4 14. Bxb7 Rb8
15. Bc1 Nc2 16. Rb1 Rxb7 17. Qf3 Qc8 18. Qh1 Ne4 19. Na2 Nd2 20. Bxd2 Be4 21.
f3 Bg6 22. Rbc1 Qh3 23. b4 Re2 24. Rf2 Nd4 25. Rc3 Bh5 26. Qg2 Qe6 27. Rc1 Rb8
28. Nc3 Rxf2 29. Qxf2 Nxf3+ 30. Kf1 Qxc4+ 31. Kg2 Re8 32. Be3 d5 33. Ne2 Qd3
34. Rc3 Qe4 35. Rxc7 Nd4+ 36. Kf1 Nxe2 37. Ke1 h6 38. h3 Qxe3 39. Qxe3 Rxe3 40.
Rc8+ Kh7 41. Kd2 Rxg3 42. a4 Rb3 43. Rb8 Nd4 44. Rb6 Be2 45. Rb7 f5 46. Ke1
Rxh3 0-1

[Event "DVM U14w 2012"]
[Site "Magdeburg GER"]
[Date "2012.12.29"]
[Round "6"]
[White "Schumann, Rabea"]
[Black "Bork, Sophie"]
[Result "1/2-1/2"]
[Termination "normal"]
[Board "6.1"]
[WhiteElo "1383"]
[BlackElo "1525"]
[WhiteTeam "SG Güstrow/Teterow"]
[BlackTeam "SV Welper 1922"]
[WhiteFideId "12918199"]
[BlackFideId "12905429"]
[EventCountry "GER"]
[EventRounds "7"]
[EventType "team-swiss"]
[EventDate "2012.12.26"]

1. c4 e5 2. g3 Nf6 3. Bg2 c6 4. d3 d5 5. cxd5 cxd5 6. e3 Nc6 7. Ne2 Be7 8. O-O
O-O 9. Nbc3 Be6 10. d4 e4 11. a3 Qd7 12. Bd2 Bd6 13. b4 Bh3 14. Qb3 Ne7 15.
Rac1 h5 16. Nf4 Bxf4 17. exf4 h4 18. Ne2 Bxg2 19. Kxg2 Qg4 20. f3 exf3+ 21.
Qxf3 Qxf3+ 22. Kxf3 Ne4 23. Ke3 Nf5+ 24. Kd3 hxg3 25. hxg3 Nfxg3 26. Nxg3 Nxg3
27. Rg1 Ne4 28. Rc7 Rab8 29. f5 Nxd2 30. Kxd2 Rfe8 31. Re1 Rxe1 32. Kxe1 Kf8
33. Rd7 Ke8 34. Rxd5 Rd8 35. Re5+ Kf8 36. Re4 Rd5 37. Rf4 Ke7 38. f6+ gxf6 39.
Ke2 a5 40. Kd3 axb4 41. axb4 Ke6 42. Kc4 1/2-1/2

[Event "DVM U14w 2012"]
[Site "Magdeburg GER"]
[Date "2012.12.29"]
[Round "6"]
[White "Marx, Jasmin"]
[Black "Zoll, Cindy"]
[Result "1/2-1/2"]
[Termination "normal"]
[Board "6.2"]
[WhiteElo "1326"]
[BlackElo "1058"]
[WhiteTeam "SV Welper 1922"]
[BlackTeam "SG Güstrow/Teterow"]
[WhiteFideId "12929620"]
[BlackFideId "12964638"]
[EventCountry "GER"]
[EventRounds "7"]
[EventType "team-swiss"]
[EventDate "2012.12.26"]

1. d4 f5 2. Nf3 Nf6 3. Bf4 e6 4. e3 Be7 5. h3 Nc6 6. Nbd2 d5 7. Ne5 Nxe5 8.
Bxe5 Bd6 9. Nf3 O-O 10. Bd3 b6 11. c3 c5 12. Qe2 c4 13. Bc2 b5 14. O-O Rb8 15.
a3 a5 16. Bxd6 Qxd6 17. Ne5 Nd7 18. f4 Nxe5 19. fxe5 Qe7 20. Qh5 b4 21. axb4
axb4 22. Rae1 g6 23. Qh6 bxc3 24. bxc3 Qa3 25. Rc1 Qa2 26. Bb1 Qb3 27. e4 Bd7
28. exd5 1/2-1/2